000 00640nam a2200193 a 4500
001 000025140
005 20200930023601.0
008 110210s1955 sp abc r 000 0 spa d
040 _aDO-SdBNP
_bspa
_cBNPHU
082 _axxxxx
_bS487a
100 1 _aSerrano Lafita, José Luis
_951545
245 1 3 _aLa alberca /
_cJosé Luis Serrano Lafita.
260 _aMadrid :
_bPublicaciones Españolas,
_c1955.
300 _av. 13 :
_bil., mapas., retrs. ;
_c23.5 cm.
490 1 _aTemas españoles ;
_v120
504 _aIncluye referencias bibliográficas y notas al pie de las páginas.
830 0 _aTemas españoles ;
_n120
_951546
049 _aBNGR
999 _c24633
_d24633